000
00262nam a22001097a 4500
008
170104b xxu||||| |||| 00| 0 eng d
020
_a
9781582553474
041
_a
eng
080
_a
618.2
245
_a
Pediatric Nursing
_c
Williams, L & Wilkins, L
942
_2
udc
_c
BK
999
_c
2519
_d
2519